| 000 | 00602nas a22002290a 4500 | ||
|---|---|---|---|
| 001 | PT1240 | ||
| 003 | AR-LpoUNG | ||
| 005 | 20210201230127.0 | ||
| 008 | 201001s1990||||uy |||||||||||||||||eng d | ||
| 040 |
_aAR-LpoUNG _bspa _eaacr |
||
| 041 | _aeng | ||
| 082 | 0 | _a510 187 | |
| 245 | 1 | 0 | _aAre prime numbers regularly ordered? |
| 260 |
_as.l. _bs.e. _c2 de abril de 1990. |
||
| 300 |
_ap. 106-108 _3Impreso |
||
| 490 | 0 |
_aPysics Letters ; _vv.v. 145 _vno.2,3 |
|
| 650 | 4 | _aMATEMATICAS | |
| 650 | 4 | _aTEORIA DE NUMEROS | |
| 651 | 4 | _aDOCUMENTOS TEORICOS O METODOLOGICOS | |
| 905 | _a1240 | ||
| 942 | _cLIB | ||
| 999 |
_c52565 _d52565 |
||